| 000 | 004630000a22001810004500 | ||
|---|---|---|---|
| 003 | MACL | ||
| 005 | 20150729170350.0 | ||
| 008 | 150729b xxu||||| |||| 00| 0 eng d | ||
| 040 |
_aMACL _cMACL |
||
| 041 | _aEnglish | ||
| 082 | _a340/KAS | ||
| 100 |
_aKashyap, Dr. Subhash C _93342 |
||
| 245 | _aAnti-defection Law And Parliamentary Privileges | ||
| 260 |
_bN M Tripathi Pvt. Ltd. _c1993 _aDelhi |
||
| 350 | _a250 | ||
| 650 |
_aLaw _93343 |
||
| 942 |
_cBK _k340 _2ddc |
||
| 999 |
_c4689 _d4689 |
||